| 000 | 00984nam a22002535i 4500 | ||
|---|---|---|---|
| 001 | 176044 | ||
| 003 | ES-MaACL | ||
| 005 | 20250813234142.0 | ||
| 007 | t| | ||
| 008 | 101213s1956 sp f r ||||1| spa d | ||
| 080 | _a677.022 | ||
| 100 | 1 |
_aHorsfall, R. S. _9144268 |
|
| 245 | 1 | 0 |
_aTratado de tintura de las fibras textiles / _cpor R. S. Horsfall y L. G. Lawrie ; traducción de la segunda edición inglesa por Carlos Ávila ; edición española revisada y puesta al día por José Carbonell Costa. |
| 260 |
_aBarcelona ; Buenos Aires : _bJosé Montesó, _c1956. |
||
| 300 |
_a639, [8] p. de lám. , [1] h. pleg. ; _c22 cm. |
||
| 490 | 1 |
_aBiblioteca de técnica textil ; _v3 |
|
| 650 | 7 |
_aFibras textiles _2embne _9144266 |
|
| 700 | 1 |
_aLawrie, L. G. _9144269 |
|
| 700 | 0 |
_aAvila, Carlos. _924043 |
|
| 700 | 1 |
_aCarbonell Costa, José. _9144270 |
|
| 830 | 0 |
_aBiblioteca de técnica textil ; _v3 _9189915 |
|
| 852 |
_aES-MaACL _jE-13781 _xOlim P-909 |
||
| 999 |
_c176044 _d176044 |
||